000 00603nam a22002177a 4500
003 UA-OsUOA
001 40069
007 ta
008 20060711b un ||||| |||| 00| 0 ukr d
100 _aЧернец Л.В.
090 _a82
_bЧ-49
942 _cSA
040 _aUA-OsUOA
_bukr
_cUA-OsUOA
_dUA-OsUOA
245 _aК теории литературных жанров
300 _aС.3-13
955 _a0
041 _aukr
080 _a82
773 0 _w40068
_tФилологические науки
_dМ.
_d2006
_g3
650 7 _a82 Література. Літературознавство
_2UDC
999 _c326209
_d326209